La galerie de tableaux / (Record no. 92642)

MARC details
000 -LEADER
campo de control de longitud fija 00968nam a2200289 i 4500
001 - NÚMERO DE CONTROL
campo de control 92642
003 - IDENTIFICADOR DE NÚMERO DE CONTROL
campo de control ES-MaACL
005 - FECHA Y HORA DE LA ÚLTIMA TRANSACCIÓN
campo de control 20250815132342.0
007 - CAMPO FIJO DE DESCRIPCIÓN FÍSICA--INFORMACIÓN GENERAL
campo de control de longitud fija t|
008 - DATOS DE LONGITUD FIJA--INFORMACIÓN GENERAL
campo de control de longitud fija 050412s1991 fr a |||| | fre d
020 ## - NÚMERO INTERNACIONAL ESTÁNDAR DEL LIBRO
Número Internacional Estándar del Libro 2-251-33907-8
080 ## - NÚMERO DE LA CLASIFICACIÓN DECIMAL UNIVERSAL
Número de la Clasificación Decimal Universal 292.11(0:7)"02"
080 ## - NÚMERO DE LA CLASIFICACIÓN DECIMAL UNIVERSAL
Número de la Clasificación Decimal Universal 75.032(37/38)
100 1# - ENTRADA PRINCIPAL--NOMBRE DE PERSONA
Nombre de persona Filostrato, Flavio.
9 (RLIN) 50860
245 13 - MENCIÓN DEL TÍTULO
Título La galerie de tableaux /
Mención de responsabilidad, etc. Philostrate ; traduit par Auguste Bougot ; révisé et annoté par François Lissarrague ; préface de Pierre Hadot.
260 ## - PUBLICACIÓN, DISTRIBUCIÓN, ETC.
Lugar de publicación, distribución, etc. Paris :
Nombre del editor, distribuidor, etc. Les Belles Lettres,
Fecha de publicación, distribución, etc. 1991.
300 ## - DESCRIPCIÓN FÍSICA
Extensión XXII, 151 p. :
Otras características físicas il. ;
Dimensiones 21 cm.
490 1# - MENCIÓN DE SERIE
Mención de serie La roue a livres
650 #4 - PUNTO DE ACCESO ADICIONAL DE MATERIA--TÉRMINO DE MATERIA
Término de materia o nombre geográfico como elemento de entrada Mitología griega-
Subdivisión de forma Obras anteriores a 1800.
9 (RLIN) 152827
650 17 - PUNTO DE ACCESO ADICIONAL DE MATERIA--TÉRMINO DE MATERIA
Término de materia o nombre geográfico como elemento de entrada Pintura clásica
Fuente del encabezamiento o término embne
9 (RLIN) 16022
700 1# - ENTRADA AGREGADA--NOMBRE PERSONAL
Nombre de persona Bougot, Auguste.
9 (RLIN) 30877
700 1# - ENTRADA AGREGADA--NOMBRE PERSONAL
Nombre de persona Lissarrague, François.
9 (RLIN) 72546
700 1# - ENTRADA AGREGADA--NOMBRE PERSONAL
Nombre de persona Hadot, Pierre.
9 (RLIN) 61414
830 0# - PUNTO DE ACCESO ADICIONAL DE SERIE-TÍTULO UNIFORME
Título uniforme La roue a livres
9 (RLIN) 184235
852 ## - LOCALIZACIÓN
Ubicación ES-MaACL
Número de control de estantería E-10824
Holdings
Estatus retirado Estado de pérdida Estado de daño No para préstamo Biblioteca de origen Biblioteca actual Ubicación en estantería Fecha de adquisición Fuente de adquisición Total de préstamos Signatura topográfica completa Código de barras Visto por última vez Precio de reemplazo Tipo de ítem Koha
        Biblioteca del Ateneo de Madrid Biblioteca del Ateneo de Madrid Depósito 2 17/01/2008     E-10824 1096716 23/02/2023 23/02/2023 Libro impreso